London Tube Stations - Victoria Line - Statistics

General Stats
  • This quiz has been taken 406 times
    398 since last reset
  • The average score is 12 of 16
Answer Stats
Answer % Correct
Victoria
93%
Brixton
89%
Pimlico
84%
King’s Cross St Pancras
83%
Euston
82%
Oxford Circus
81%
Vauxhall
80%
Green Park
79%
Seven Sisters
74%
Walthamstow Central
72%
Finsbury Park
69%
Warren Street
68%
Stockwell
67%
Highbury and Islington
66%
Tottenham Hale
63%
Blackhorse Road
58%
No matching quizzes found
Score Distribution
Percent of People with Each Score
Percentile by Number Answered
Your Score History
You have not taken this quiz since the last reset